Personality assessment/ (Record no. 633)

MARC details
000 -LEADER
fixed length control field 00647cam a2200229 4500
005 - DATE AND TIME OF LATEST TRANSACTION
control field 20260322212028.0
008 - FIXED-LENGTH DATA ELEMENTS--GENERAL INFORMATION
fixed length control field data
010 ## - LIBRARY OF CONGRESS CONTROL NUMBER
LC control number 75140552
020 ## - INTERNATIONAL STANDARD BOOK NUMBER
International Standard Book Number 0471517402
020 ## - INTERNATIONAL STANDARD BOOK NUMBER
International Standard Book Number 9780471517405
050 0# - LIBRARY OF CONGRESS CALL NUMBER
Classification number BF698.4
Item number .L34
090 ## - LOCALLY ASSIGNED LC-TYPE CALL NUMBER (OCLC); LOCAL CALL NUMBER (RLIN)
Classification number (OCLC) (R) ; Classification number, CALL (RLIN) (NR) BF 698 L296p 1971
001 - CONTROL NUMBER
control field data
100 1# - MAIN ENTRY--PERSONAL NAME
Personal name Lanyon, Richard I.,
Dates associated with a name 1937-
245 10 - TITLE STATEMENT
Title Personality assessment/
Statement of responsibility, etc. Richard I. Lanyon & Leonard David Goodstein.
260 0# - PUBLICATION, DISTRIBUTION, ETC.
Place of publication, distribution, etc. New York,
Name of publisher, distributor, etc. Wiley
Date of publication, distribution, etc. [1971]
300 ## - PHYSICAL DESCRIPTION
Extent xii, 267 p.
Other physical details illus.
Dimensions 24 cm.
504 ## - BIBLIOGRAPHY, ETC. NOTE
Bibliography, etc. note Bibliography: p. [225]-248.
590 ## - LOCAL NOTE (RLIN)
Local note Bibliography: p. [225]-248.
650 #0 - SUBJECT ADDED ENTRY--TOPICAL TERM
Topical term or geographic name entry element Personality assessment.
700 1# - ADDED ENTRY--PERSONAL NAME
Personal name Goodstein, Leonard David.
Holdings
Withdrawn status Lost status Damaged status Not for loan Home library Current library Shelving location Date acquired Total checkouts Full call number Barcode Date last seen Price effective from Koha item type
        Centerville Centerville General stacks 22/03/2026   BF698.4 .L34 BC0010650 22/03/2026 22/03/2026 Books